[Event "II Open Dicembre"]
[Site "Arco ITA"]
[Date "2011.12.27"]
[Round "3"]
[White "Buglisi, Massimo"]
[Black "Giancotti, Eraldo"]
[Result "1/2-1/2"]
[WhiteElo "1887"]
[BlackElo "2097"]
[PlyCount "50"]
[EventDate "2011.12.26"]

1. d4 Nf6 2. c4 g6 3. Nc3 Bg7 4. e4 d6 5. f3 b6 6. Bd3 Bb7 7. Be3 c5 8. d5 O-O
9. Nh3 e6 10. O-O exd5 11. cxd5 Na6 12. Rc1 Nc7 13. Nf2 a6 14. a4 Re8 15. Qd2
Qd7 16. f4 b5 17. f5 c4 18. Bb1 bxa4 19. Bg5 Nb5 20. Bxf6 Bxf6 21. Ng4 Bg7 22.
Nh6+ Kh8 23. fxg6 fxg6 24. Nf7+ Kg8 25. Nh6+ Kh8 1/2-1/2

[Event "II Open Dicembre"]
[Site "Arco ITA"]
[Date "2011.12.27"]
[Round "3"]
[White "De Nardo, Elena"]
[Black "Paltrinieri, Mario"]
[Result "0-1"]
[WhiteElo "1599"]
[BlackElo "1690"]
[PlyCount "120"]
[EventDate "2011.12.26"]

1. d4 Nf6 2. c4 e5 3. dxe5 Ng4 4. Nf3 Bc5 5. e3 Nc6 6. Nc3 Ncxe5 7. Nxe5 Nxe5
8. e4 Qf6 9. Qc2 c6 10. Nd1 d6 11. Be3 Bb4+ 12. Bd2 Bxd2+ 13. Qxd2 Bg4 14. Be2
O-O-O 15. Ne3 h5 16. h3 Be6 17. O-O Qg6 18. Nf5 Bxf5 19. exf5 Qxf5 20. Qe3 Kb8
21. b4 Rhe8 22. Qc3 g5 23. a4 h4 24. Qd4 Qf6 25. Qd2 Qe6 26. Qxg5 Nxc4 27. Bg4
Qe4 28. Qxh4 f5 29. Rfe1 Qd4 30. Rad1 Rxe1+ 31. Kh2 Qf4+ 32. Qg3 Qxg3+ 33. Kxg3
Rxd1 34. Bxd1 d5 35. Kf4 Nd6 36. g4 fxg4 37. hxg4 Rf8+ 38. Kg3 Kc7 39. f4 Ne4+
40. Kf3 Kd6 41. Bc2 Nc3 42. g5 a6 43. Kg4 Ne2 44. f5 Ke5 45. g6 Nd4 46. Bb1 Kf6
47. Kf4 Ne2+ 48. Kg4 d4 49. Bd3 Nc3 50. Bc2 Re8 51. Kf3 Re3+ 52. Kf4 Nd5+ 53.
Kg4 Nxb4 54. Bb1 d3 55. Bxd3 Rxd3 56. Kh5 c5 57. a5 Kxf5 58. Kh6 Rd7 59. g7
Rxg7 60. Kxg7 c4 0-1

[Event "II Open Dicembre"]
[Site "Arco ITA"]
[Date "2011.12.27"]
[Round "3"]
[White "De Nisi, Roberta"]
[Black "Bevilacqua, Maurizio"]
[Result "0-1"]
[WhiteElo "1910"]
[BlackElo "2143"]
[PlyCount "70"]
[EventDate "2011.12.26"]

1. d4 Nf6 2. c4 c5 3. d5 g6 4. Nc3 Bg7 5. e4 d6 6. Bd3 O-O 7. f4 e5 8. fxe5
dxe5 9. Nf3 Nbd7 10. O-O Ne8 11. Be3 b6 12. Qd2 Ba6 13. Bh6 Nd6 14. b3 f6 15.
Bxg7 Kxg7 16. a4 h6 17. Qf2 Rf7 18. Qg3 Kh7 19. Nh4 Rg7 20. Qf2 Qe7 21. Rae1
Rf8 22. Kh1 Rff7 23. Nd1 Bc8 24. Ne3 Nf8 25. h3 h5 26. g4 hxg4 27. hxg4 Kg8 28.
Kg2 Nh7 29. Nf3 f5 30. exf5 e4 31. fxg6 Rxg6 32. Bxe4 Qxe4 33. Qh4 Bxg4 34.
Qd8+ Rf8 35. Nxg4 Qxg4+ 0-1

[Event "II Open Dicembre"]
[Site "Arco ITA"]
[Date "2011.12.27"]
[Round "3"]
[White "Engl, Alexander"]
[Black "Vinciguerra, Riccardo"]
[Result "0-1"]
[WhiteElo "1497"]
[BlackElo "1589"]
[PlyCount "101"]
[EventDate "2011.12.26"]

1. f4 b6 2. Nf3 Bb7 3. e3 Nf6 4. Be2 d6 5. O-O g6 6. d4 Bg7 7. c4 O-O 8. Nc3 a6
9. Qc2 Nbd7 10. e4 c5 11. d5 Re8 12. Bd2 e5 13. fxe5 Nxe5 14. Nxe5 Rxe5 15. Rf3
Qe8 16. Bf4 Rxe4 17. Nxe4 Nxe4 18. Bd3 f5 19. Bxe4 fxe4 20. Re3 Bd4 21. Rae1
Qe7 22. Kh1 Bxe3 23. Rxe3 Re8 24. Qf2 Qf6 25. h3 h6 26. Bg3 Qf5 27. Qf4 Qxf4
28. Bxf4 b5 29. b3 bxc4 30. bxc4 a5 31. Bxd6 Ba6 32. Rb3 e3 33. Bg3 e2 34. Be1
Rf8 35. Rf3 Rxf3 36. gxf3 a4 37. Kg2 Bxc4 38. a3 Kf7 39. d6 Ke6 40. Bg3 Bb5 41.
Kf2 Kd5 42. Ke1 c4 43. Kd2 Kd4 44. Bf2+ Ke5 45. Bg3+ Kf5 46. d7 Bxd7 47. Kxe2
Be6 48. Kd2 g5 49. Kc3 h5 50. Kb4 g4 51. hxg4+ 0-1

[Event "II Open Dicembre"]
[Site "Arco ITA"]
[Date "2011.12.27"]
[Round "3"]
[White "Fox, Jonas"]
[Black "Sheikh, Mohammed Zannatun N."]
[Result "1-0"]
[WhiteElo "1641"]
[BlackElo "1510"]
[PlyCount "137"]
[EventDate "2011.12.26"]

1. e4 d6 2. d4 Nf6 3. Nc3 g6 4. f4 Bg7 5. Nf3 Nbd7 6. Bc4 h6 7. Be3 c6 8. Bb3
e6 9. h3 b5 10. e5 dxe5 11. fxe5 Nd5 12. Nxd5 cxd5 13. O-O a5 14. c3 Ba6 15.
Rf2 Nb6 16. Bc2 O-O 17. Ne1 Qe7 18. Nd3 Nd7 19. Nf4 g5 20. Nh5 f6 21. Nxg7 Qxg7
22. exf6 Nxf6 23. b4 a4 24. Qe2 Rf7 25. Bd2 Re7 26. Raf1 Nd7 27. h4 Rf8 28.
Rxf8+ Nxf8 29. hxg5 hxg5 30. Qh5 Bc8 31. Bxg5 Rf7 32. Rxf7 Qxf7 33. Qh6 Qg7 34.
Qxg7+ Kxg7 35. Kf2 Bd7 36. Bf4 Kf6 37. Be5+ Kg5 38. g4 Ng6 39. Kf3 Nxe5+ 40.
dxe5 Bc6 41. Ke3 Kxg4 42. Kd4 Kf4 43. Kc5 Be8 44. Bd3 Kxe5 45. Bxb5 Bxb5 46.
Kxb5 Kd6 47. Kxa4 e5 48. Kb3 e4 49. Kc2 Kc6 50. a4 Kb6 51. Kd2 Kc6 52. Ke3 Kb6
53. Kd4 Kc6 54. c4 dxc4 55. Kxe4 c3 56. Kd3 c2 57. Kxc2 Kb6 58. Kc3 Ka6 59. Kc4
Kb6 60. a5+ Ka6 61. Kc5 Kb7 62. b5 Ka7 63. a6 Kb8 64. b6 Ka8 65. Kc6 Kb8 66.
a7+ Ka8 67. b7+ Kxa7 68. Kc7 Ka6 69. b8=Q 1-0

[Event "II Open Dicembre"]
[Site "Arco ITA"]
[Date "2011.12.27"]
[Round "3"]
[White "Gehrke, Rolf"]
[Black "Bacchelli, Andrea"]
[Result "1-0"]
[WhiteElo "2085"]
[BlackElo "1789"]
[PlyCount "95"]
[EventDate "2011.12.26"]

1. Nf3 d5 2. c4 e6 3. g3 Nf6 4. Bg2 Be7 5. O-O O-O 6. d4 c6 7. Qc2 Nbd7 8. Nbd2
Qc7 9. e4 dxe4 10. Nxe4 Nxe4 11. Qxe4 Nf6 12. Qe2 c5 13. Bf4 Bd6 14. Bg5 Nd7
15. Rad1 e5 16. d5 h6 17. Bc1 Nf6 18. Nd2 Bd7 19. f3 Rab8 20. Ne4 Nxe4 21. fxe4
b5 22. b3 bxc4 23. bxc4 f5 24. exf5 Bxf5 25. Be4 Bh3 26. Rxf8+ Rxf8 27. Qh5 Qd7
28. Qg6 Bf5 29. Bxf5 Qxf5 30. Qxf5 Rxf5 31. Rf1 Rxf1+ 32. Kxf1 Kf7 33. Ke2 Kf6
34. Kf3 Kf5 35. g4+ Kg6 36. Ke4 Kf6 37. h3 Bf8 38. Bb2 Bd6 39. Bc3 Be7 40. a3
a6 41. a4 Bd6 42. Ba5 g6 43. h4 Ke7 44. h5 g5 45. Kf5 Kf7 46. Bc3 Bf8 47. Bxe5
Ke7 48. Kg6 1-0

[Event "II Open Dicembre"]
[Site "Arco ITA"]
[Date "2011.12.27"]
[Round "3"]
[White "Marchelli, Luca"]
[Black "Pedrotti, Luciano"]
[Result "0-1"]
[WhiteElo "1419"]
[BlackElo "1801"]
[PlyCount "46"]
[EventDate "2011.12.26"]

1. c4 Nf6 2. g3 e6 3. Bg2 Be7 4. d4 O-O 5. Nc3 c6 6. Nf3 d6 7. O-O Nbd7 8. b3
c5 9. d5 exd5 10. Nxd5 Nxd5 11. cxd5 Bf6 12. Rb1 Nb6 13. Bf4 Bf5 14. Rc1 Bb2
15. Nd2 Bxc1 16. Qxc1 f6 17. Nc4 Nxc4 18. Qxc4 a6 19. e4 Bg6 20. Bd2 b5 21. Qe2
Re8 22. f4 Bf7 23. h4 Bxd5 0-1

[Event "II Open Dicembre"]
[Site "Arco ITA"]
[Date "2011.12.27"]
[Round "3"]
[White "Oltramari, Silvano"]
[Black "Schingaro, Angelo"]
[Result "1/2-1/2"]
[WhiteElo "1583"]
[BlackElo "1727"]
[PlyCount "47"]
[EventDate "2011.12.26"]

1. b4 e5 2. Bb2 Bxb4 3. Bxe5 Nf6 4. Nf3 Nc6 5. Bb2 d5 6. e3 O-O 7. Be2 Bf5 8.
O-O h6 9. a3 Be7 10. d3 a6 11. Nbd2 b5 12. Nb3 Qd7 13. Rc1 a5 14. c4 dxc4 15.
dxc4 Qxd1 16. Rfxd1 b4 17. a4 Rfd8 18. Nbd4 Nxd4 19. exd4 Bd7 20. Ra1 Rab8 21.
Ne5 Be8 22. Bf3 Bd6 23. Nc6 Bxc6 24. Bxc6 1/2-1/2

[Event "II Open Dicembre"]
[Site "Arco ITA"]
[Date "2011.12.27"]
[Round "3"]
[White "Paltrinieri, Nicholas"]
[Black "Niccoli, Paolo"]
[Result "0-1"]
[WhiteElo "2109"]
[BlackElo "1960"]
[PlyCount "54"]
[EventDate "2011.12.26"]

1. f4 d5 2. Nf3 Nf6 3. e3 g6 4. b4 Bg7 5. Bb2 O-O 6. Be2 a5 7. a3 axb4 8. axb4
Rxa1 9. Bxa1 Na6 10. b5 Nc5 11. O-O c6 12. c4 Bg4 13. Ne5 Bxe2 14. Qxe2 Nfd7
15. Nc3 Nxe5 16. fxe5 d4 17. exd4 Qxd4+ 18. Kh1 Nb3 19. bxc6 bxc6 20. e6 f5 21.
Rb1 Ra8 22. Na4 Nxa1 23. Qf3 Qe4 24. Qxe4 fxe4 25. Nb6 Re8 26. c5 Bd4 27. Re1
Nc2 0-1

[Event "II Open Dicembre"]
[Site "Arco ITA"]
[Date "2011.12.27"]
[Round "3"]
[White "Pellicoro, Roberto"]
[Black "Faini, Ivano"]
[Result "1/2-1/2"]
[WhiteElo "1386"]
[BlackElo "1650"]
[PlyCount "68"]
[EventDate "2011.12.26"]

1. e4 d5 2. exd5 Qxd5 3. Nc3 Qa5 4. d3 c6 5. Bd2 Qc7 6. Nf3 Bg4 7. Be2 e6 8. h3
Bf5 9. O-O Nf6 10. d4 Nbd7 11. Be3 Bd6 12. Bd3 Bg6 13. Bxg6 hxg6 14. Qd3 O-O-O
15. Ne4 Nxe4 16. Qxe4 Rh5 17. Ne5 Nxe5 18. dxe5 Bxe5 19. Qb4 Kb8 20. Rad1 Rdh8
21. Qc5 b6 22. Qc4 Bh2+ 23. Kh1 Rxh3 24. gxh3 Rxh3 25. Qg4 Rh5 26. Kg2 e5 27.
f4 exf4 28. Bxf4 Bxf4 29. Rxf4 f6 30. Kf3 f5 31. Qg3 c5 32. Rc4 Qxg3+ 33. Kxg3
Rg5+ 34. Kf4 Rg4+ 1/2-1/2

[Event "II Open Dicembre"]
[Site "Arco ITA"]
[Date "2011.12.27"]
[Round "3"]
[White "Petragnani, Alessandro"]
[Black "Trauth, Michael"]
[Result "1/2-1/2"]
[WhiteElo "1924"]
[BlackElo "2180"]
[PlyCount "101"]
[EventDate "2011.12.26"]

1. c4 c5 2. g3 g6 3. Bg2 Bg7 4. Nc3 Nf6 5. Nf3 O-O 6. O-O Nc6 7. d4 cxd4 8.
Nxd4 d6 9. Nc2 Be6 10. Ne3 Qd7 11. Ned5 Ne5 12. Qa4 Rfd8 13. Qxd7 Rxd7 14. b3
Rc8 15. Bb2 Bxd5 16. Nxd5 Nxd5 17. Bxd5 Nf3+ 18. Bxf3 Bxb2 19. Rab1 Bf6 20.
Rfd1 Rc5 21. Rd3 Rdc7 22. Rd5 b6 23. Rbd1 a5 24. Rxc5 bxc5 25. Kg2 Kf8 26. h4
h6 27. Be4 Ke8 28. Kf3 Kd7 29. Bc2 e6 30. e4 Bd4 31. Ke2 Ke7 32. f4 Rc8 33. Kf3
Rg8 34. Rh1 h5 35. Rf1 f5 36. Bd3 Kf6 37. Re1 e5 38. Re2 Rf8 39. Rg2 Ke6 40.
Be2 Rb8 41. Bd1 Kf6 42. Bc2 Rb4 43. Re2 Rb7 44. Rg2 Re7 45. Re2 Ke6 46. Rg2 Rf7
47. Re2 Rf6 48. Bd3 Rf8 49. Bc2 Rh8 50. Bd1 Kf6 51. Bc2 1/2-1/2

[Event "II Open Dicembre"]
[Site "Arco ITA"]
[Date "2011.12.27"]
[Round "3"]
[White "Petragnani, Gian Giacomo"]
[Black "Perich, Stefano"]
[Result "1/2-1/2"]
[WhiteElo "1752"]
[BlackElo "1922"]
[PlyCount "41"]
[EventDate "2011.12.26"]

1. Nf3 d5 2. g3 c5 3. Bg2 Nc6 4. O-O e5 5. d3 Be7 6. c4 d4 7. a3 a5 8. Qa4 Bd7
9. Nbd2 f5 10. Re1 Qc7 11. Qd1 Nf6 12. Nf1 O-O 13. e3 Bd6 14. h3 Rae8 15. exd4
exd4 16. Rxe8 Rxe8 17. Bg5 Be7 18. Bf4 Bd6 19. Bxd6 Qxd6 20. Ng5 h6 21. Nf3
1/2-1/2

[Event "II Open Dicembre"]
[Site "Arco ITA"]
[Date "2011.12.27"]
[Round "3"]
[White "Pojer, Romeo"]
[Black "Lezzerini, Marco"]
[Result "1-0"]
[WhiteElo "2145"]
[BlackElo "1871"]
[PlyCount "87"]
[EventDate "2011.12.26"]

1. e4 d6 2. d4 Nf6 3. Nc3 g6 4. Be3 c6 5. Qd2 b5 6. f3 Nbd7 7. g4 Nb6 8. b3 h5
9. g5 Nfd7 10. f4 Bg7 11. Nf3 Bb7 12. Bg2 b4 13. Nd1 c5 14. Nf2 a5 15. O-O O-O
16. Nh4 Rc8 17. Rac1 Nb8 18. f5 Kh7 19. Bf3 Nc6 20. Bxh5 gxh5 21. g6+ Kg8 22.
Qe2 fxg6 23. fxg6 Nd7 24. Bg5 Nf6 25. Bxf6 Rxf6 26. Qxh5 Nxd4 27. Nf5 Nxf5 28.
exf5 Qd7 29. Ng4 Qc6 30. Nxf6+ exf6 31. Qh3 Re8 32. Rce1 Rxe1 33. Rxe1 Kf8 34.
Re3 c4 35. Qg3 cxb3 36. axb3 Bh6 37. Re6 Qc5+ 38. Qf2 Qd5 39. Qg3 Qd1+ 40. Re1
Qd4+ 41. Kf1 Ba6+ 42. Kg2 Qd2+ 43. Kh3 Bf4 44. g7+ 1-0

[Event "II Open Dicembre"]
[Site "Arco ITA"]
[Date "2011.12.27"]
[Round "3"]
[White "Raineri, Valerio"]
[Black "Medves, Enrico"]
[Result "1-0"]
[WhiteElo "2159"]
[BlackElo "1889"]
[PlyCount "79"]
[EventDate "2011.12.26"]

1. e4 c5 2. Nf3 e6 3. d4 cxd4 4. Nxd4 Nf6 5. Nc3 d6 6. Be3 a6 7. f3 b5 8. Qd2
Bb7 9. Bd3 Nbd7 10. Qf2 Rc8 11. O-O d5 12. exd5 Nxd5 13. Nxd5 Bxd5 14. Rfe1 Bd6
15. Nf5 Nf6 16. a4 O-O 17. Nxd6 Qxd6 18. axb5 axb5 19. Bxb5 Bc4 20. Bxc4 Rxc4
21. b3 Rc6 22. c4 Rb8 23. Rab1 Qa3 24. Red1 h6 25. Bc1 Qb4 26. Bd2 Qa3 27. Bxh6
Rxb3 28. Rd8+ Kh7 29. Qc2+ Kxh6 30. Rh8+ Kg5 31. h4+ Kf4 32. Rxb3 Qc5+ 33. Kh2
Qxc4 34. Qd2+ Ke5 35. Re3+ Kf5 36. g4+ Nxg4+ 37. fxg4+ Qxg4 38. Qd3+ Kf6 39.
Rf3+ Ke5 40. Qe2+ 1-0

[Event "II Open Dicembre"]
[Site "Arco ITA"]
[Date "2011.12.27"]
[Round "3"]
[White "Rizzo, Giuseppe"]
[Black "Paniga, Danilo"]
[Result "0-1"]
[WhiteElo "1732"]
[BlackElo "1840"]
[PlyCount "49"]
[EventDate "2011.12.26"]

1. d4 f5 2. Nf3 Nf6 3. Bf4 g6 4. h3 Bg7 5. e3 d6 6. Nbd2 O-O 7. Bc4+ Kh8 8. Ng5
Qe8 9. Be6 h6 10. h4 Nh5 11. Bxc8 Qxc8 12. Nh3 e5 13. dxe5 dxe5 14. Bh2 Nc6 15.
O-O Qe6 16. c3 Bf6 17. g3 f4 18. g4 Bxh4 19. exf4 Nxf4 20. Nxf4 exf4 21. Qf3
Ne5 22. Qxb7 Qxg4+ 23. Kh1 Nd3 24. Ne4 Qf3+ 25. Kg1 0-1

[Event "II Open Dicembre"]
[Site "Arco ITA"]
[Date "2011.12.27"]
[Round "3"]
[White "Scriboni, Simone"]
[Black "De Santis, Alessio"]
[Result "0-1"]
[WhiteElo "1961"]
[BlackElo "2318"]
[PlyCount "104"]
[EventDate "2011.12.26"]

1. e4 b6 2. d4 Bb7 3. Bd3 Nf6 4. Qe2 Nc6 5. c3 e5 6. d5 Ne7 7. Be3 Ng6 8. Nh3
c6 9. c4 Bb4+ 10. Nd2 O-O 11. O-O Re8 12. a3 Bc5 13. Bg5 h6 14. Be3 d6 15. Kh1
Bc8 16. Ng1 Bg4 17. f3 Bd7 18. g3 a5 19. Rad1 a4 20. Nb1 Bxe3 21. Qxe3 c5 22.
Nc3 Qe7 23. Rd2 Nh5 24. Rdf2 Qg5 25. Qxg5 hxg5 26. Bc2 Nf6 27. Bd1 Ra5 28. Bc2
Re7 29. Kg2 Ne8 30. Bd3 Nc7 31. Nge2 b5 32. cxb5 Nxb5 33. Nxb5 Bxb5 34. Bxb5
Rxb5 35. Nc3 Ra5 36. Kh3 f6 37. Kg4 Kf7 38. Rh1 Rb7 39. Rc1 Ra8 40. Kh3 Nf8 41.
Rcc2 Nd7 42. Kg2 Rb3 43. Nd1 Nb6 44. Rc3 Rxc3 45. Nxc3 Nc4 46. Re2 Ke7 47. Kh3
g6 48. Kg4 Rb8 49. Nxa4 Rb3 50. Rf2 Ne3+ 51. Kh3 g4+ 52. fxg4 Rb8 0-1

[Event "II Open Dicembre"]
[Site "Arco ITA"]
[Date "2011.12.27"]
[Round "3"]
[White "Silini, Riccardo"]
[Black "Molinelli, Luigi"]
[Result "1-0"]
[WhiteElo "1823"]
[BlackElo "1267"]
[PlyCount "52"]
[EventDate "2011.12.26"]

1. Nf3 e6 2. e4 c5 3. c3 Nc6 4. d4 cxd4 5. Nxd4 a6 6. a4 Qc7 7. Nxc6 bxc6 8.
Bd3 Nf6 9. f4 d5 10. e5 Nd7 11. b4 Be7 12. O-O c5 13. Ba3 c4 14. Bc2 Qa7+ 15.
Kh1 h5 16. Nd2 g6 17. Nf3 Bb7 18. Nd4 Qb8 19. b5 Bxa3 20. Rxa3 axb5 21. Nxb5
Ke7 22. Qb1 Rg8 23. Qb4+ Kd8 24. Nd6 Ba6 25. Nxf7+ Kc7 26. Qd6+ Kc8 1-0

[Event "II Open Dicembre"]
[Site "Arco ITA"]
[Date "2011.12.27"]
[Round "3"]
[White "Simmon, Norbert"]
[Black "Dalponte, Dino"]
[Result "0-1"]
[WhiteElo "1785"]
[BlackElo "2078"]
[PlyCount "68"]
[EventDate "2011.12.26"]

1. g3 d5 2. d4 Bf5 3. Bg2 e6 4. Nf3 Bd6 5. O-O Nd7 6. b3 Qe7 7. Bb2 Ngf6 8. c4
c6 9. Nc3 O-O 10. Re1 Be4 11. e3 h6 12. Nxe4 Nxe4 13. a3 f5 14. Ne5 Bxe5 15.
dxe5 Rad8 16. f3 Ng5 17. Qc2 Qe8 18. h4 Nf7 19. f4 Nc5 20. Bd4 Ne4 21. Bxe4
fxe4 22. Bc5 h5 23. Bxf8 Kxf8 24. cxd5 exd5 25. Qc5+ Kg8 26. Qxa7 Qd7 27. Rf1
Nh6 28. Ra2 Qh3 29. Rg2 Nf5 30. Kf2 d4 31. exd4 e3+ 32. Kg1 Nxg3 33. Rxg3 Qxg3+
34. Kh1 e2 0-1

[Event "II Open Dicembre"]
[Site "Arco ITA"]
[Date "2011.12.27"]
[Round "3"]
[White "Spornberger, Andre"]
[Black "Horn, Peter"]
[Result "1/2-1/2"]
[WhiteElo "1949"]
[BlackElo "2159"]
[PlyCount "82"]
[EventDate "2011.12.26"]

1. e4 e6 2. d3 c5 3. Nd2 Nc6 4. Ngf3 g6 5. g3 Bg7 6. Bg2 Nge7 7. O-O O-O 8. c3
e5 9. Nc4 d5 10. Ne3 d4 11. Nc2 h6 12. c4 Be6 13. Bd2 a6 14. b4 cxb4 15. Nxb4
Nxb4 16. Bxb4 b5 17. cxb5 axb5 18. a4 bxa4 19. Rxa4 Qd7 20. Bxe7 Rxa4 21. Bxf8
Kxf8 22. Qb1 Qd6 23. Rc1 Kg8 24. Bf1 Ra2 25. Qb5 Qa3 26. Rb1 Ra1 27. h4 Kh7 28.
Qb8 Rxb1 29. Qxb1 Qb3 30. Qxb3 Bxb3 31. Be2 f6 32. Nd2 Bc2 33. f4 exf4 34. gxf4
Bf8 35. Nf3 Bb4 36. Kf2 Bc3 37. f5 Kg7 38. Kg3 Ba4 39. Kf4 Bd7 40. Bf1 g5+ 41.
Kg4 gxh4 1/2-1/2

[Event "II Open Dicembre"]
[Site "Arco ITA"]
[Date "2011.12.27"]
[Round "3"]
[White "Spornberger, Maximilian"]
[Black "Mora, Massimo"]
[Result "1-0"]
[WhiteElo "2202"]
[BlackElo "1998"]
[PlyCount "103"]
[EventDate "2011.12.26"]

1. e4 d5 2. exd5 Qxd5 3. Nc3 Qa5 4. d4 c6 5. Nf3 Bg4 6. h3 Bh5 7. g4 Bg6 8. Ne5
e6 9. Nc4 Qd8 10. Bf4 Nf6 11. Bg2 Na6 12. a3 Nc7 13. Bg3 h6 14. Na5 Ncd5 15.
Nxb7 Qd7 16. Na5 Be7 17. Nc4 Bh7 18. Ne5 Qb7 19. Na4 Ne4 20. c4 Ndf6 21. Bh2
Rd8 22. f3 Nd6 23. O-O O-O 24. Nc5 Qb6 25. Qa4 Rc8 26. Kh1 Rfd8 27. Rae1 Nde8
28. Bg1 Bxc5 29. dxc5 Qxb2 30. Nxc6 Rd7 31. Qb4 Qa2 32. Rf2 Qxf2 33. Bxf2 Rxc6
34. f4 Rc8 35. c6 Rdc7 36. f5 exf5 37. Bg3 Rxc6 38. Bxc6 Rxc6 39. Qb8 Re6 40.
Rxe6 fxe6 41. Be5 Kf7 42. Qxa7+ Kg6 43. Bxf6 Nxf6 44. gxf5+ exf5 45. c5 Bg8 46.
Kh2 Bd5 47. Qb6 Be4 48. c6 Nd5 49. Qg1+ Kf6 50. Qa7 Ne7 51. c7 Bc6 52. Qa6 1-0

[Event "II Open Dicembre"]
[Site "Arco ITA"]
[Date "2011.12.27"]
[Round "3"]
[White "Spornberger, Peter"]
[Black "Sinner, Armin"]
[Result "1/2-1/2"]
[WhiteElo "1687"]
[BlackElo "1783"]
[PlyCount "28"]
[EventDate "2011.12.26"]

1. e4 e5 2. Nf3 d6 3. Bc4 h6 4. d4 Nd7 5. dxe5 dxe5 6. O-O Ngf6 7. Nc3 Be7 8.
Be3 O-O 9. Qe2 c6 10. Rad1 Qc7 11. a4 Re8 12. h3 Nc5 13. Bxc5 Bxc5 14. Rd3 Nh5
1/2-1/2

[Event "II Open Dicembre"]
[Site "Arco ITA"]
[Date "2011.12.27"]
[Round "3"]
[White "Zappi, Adriano"]
[Black "Resch, Aaron"]
[Result "1/2-1/2"]
[WhiteElo "1717"]
[BlackElo "1607"]
[PlyCount "137"]
[EventDate "2011.12.26"]

1. d4 b6 2. Bf4 Bb7 3. e3 d6 4. Nf3 g6 5. Be2 Bg7 6. c3 e6 7. O-O Ne7 8. Nbd2
Nd7 9. Re1 O-O 10. e4 Nf6 11. Bd3 c5 12. dxc5 dxc5 13. Bc2 Qd7 14. Qe2 Rad8 15.
Rad1 Qc8 16. h3 Rd7 17. Ne5 Rdd8 18. Qe3 Nh5 19. Nec4 Nxf4 20. Qxf4 Qb8 21.
Qxb8 Rxb8 22. Nf1 Rbd8 23. f3 Ba6 24. Nce3 Nc6 25. f4 b5 26. a3 Bb7 27. e5 Ne7
28. g3 Nd5 29. Bb3 c4 30. Bc2 Rd7 31. Kf2 Rfd8 32. a4 a6 33. axb5 axb5 34. Ke2
Nxe3 35. Nxe3 Rxd1 36. Rxd1 Rxd1 37. Bxd1 Bf8 38. Nc2 Bc5 39. Nd4 Bxd4 40. cxd4
Kf8 41. Kd2 Ke7 42. Kc3 Bg2 43. Kb4 Bxh3 44. Kxb5 Bf1 45. Kc5 f6 46. d5 exd5
47. Kxd5 fxe5 48. Kxe5 h6 49. Bf3 Kf7 50. Bd5+ Ke7 51. Kd4 Kf6 52. Bxc4 Bg2 53.
Bd3 g5 54. Ke3 h5 55. Be2 h4 56. fxg5+ Kxg5 57. gxh4+ Kxh4 58. Bf3 Bf1 59. b4
Kg5 60. Be2 Bg2 61. Kd4 Kf5 62. Kc5 Ke5 63. b5 Ke6 64. b6 Kd7 65. Bb5+ Kc8 66.
Bc6 Bh3 67. Kd6 Kb8 68. Ke7 Bg4 69. Kd8 1/2-1/2

[Event "II Open Dicembre"]
[Site "Arco ITA"]
[Date "2011.12.28"]
[Round "4"]
[White "Bacchelli, Andrea"]
[Black "Fox, Jonas"]
[Result "1-0"]
[WhiteElo "1789"]
[BlackElo "1641"]
[PlyCount "83"]
[EventDate "2011.12.26"]

1. e4 e6 2. d4 d5 3. e5 c5 4. c3 Nc6 5. Bb5 Bd7 6. Be3 Qb6 7. Bxc6 Bxc6 8. Qe2
Ne7 9. dxc5 Qc7 10. f4 Nf5 11. Bf2 d4 12. Nf3 Bxf3 13. Qxf3 Bxc5 14. O-O O-O
15. Kh1 Rfd8 16. g4 dxc3 17. Nxc3 Nd4 18. Qe4 Rac8 19. Rad1 Qd7 20. Ne2 Qa4 21.
Nxd4 Bxd4 22. Rxd4 Rxd4 23. Qxd4 Qxa2 24. Rd1 h6 25. f5 exf5 26. gxf5 Qc4 27.
Qxc4 Rxc4 28. e6 fxe6 29. fxe6 Re4 30. Re1 Rxe1+ 31. Bxe1 Kf8 32. Bb4+ Ke8 33.
Kg2 a5 34. Bd6 g5 35. Kf3 h5 36. Ke4 b5 37. Kf5 g4 38. Kg5 b4 39. Kxh5 a4 40.
Kxg4 a3 41. bxa3 b3 42. Be5 1-0

[Event "II Open Dicembre"]
[Site "Arco ITA"]
[Date "2011.12.28"]
[Round "4"]
[White "Bevilacqua, Maurizio"]
[Black "Spornberger, Andre"]
[Result "1/2-1/2"]
[WhiteElo "2143"]
[BlackElo "1949"]
[PlyCount "50"]
[EventDate "2011.12.26"]

1. d4 Nf6 2. c4 g6 3. Nc3 Bg7 4. e4 d6 5. f3 O-O 6. Bg5 c5 7. d5 h6 8. Be3 e6
9. Qd2 exd5 10. cxd5 Re8 11. h4 h5 12. O-O-O a6 13. Nh3 b5 14. Kb1 Nbd7 15. Ng5
Ne5 16. Rc1 Bd7 17. Be2 c4 18. Bd4 a5 19. Nd1 Qc7 20. Re1 Rab8 21. Nc3 Rec8 22.
f4 Neg4 23. Bxg4 Nxg4 24. Bxg7 Kxg7 25. Qd4+ Kg8 1/2-1/2

[Event "II Open Dicembre"]
[Site "Arco ITA"]
[Date "2011.12.28"]
[Round "4"]
[White "Dalponte, Dino"]
[Black "Medves, Adriano"]
[Result "1-0"]
[WhiteElo "2078"]
[BlackElo "1858"]
[PlyCount "88"]
[EventDate "2011.12.26"]

1. d4 g6 2. Nf3 Bg7 3. c3 d6 4. e4 Nd7 5. Bc4 e6 6. Bg5 Ne7 7. O-O h6 8. Bh4 g5
9. Bg3 a6 10. Nbd2 b6 11. Qb3 Ng6 12. Ne1 Nf4 13. a4 Rb8 14. Qc2 Bb7 15. f3 h5
16. Kh1 h4 17. Bxf4 gxf4 18. h3 Nf6 19. Rf2 Nh5 20. Kh2 Rh6 21. Rd1 Rg6 22. Bd3
Bh6 23. e5 Rg7 24. exd6 cxd6 25. Re2 Kf8 26. Nf1 Kg8 27. Rxe6 Qg5 28. Re2 Rf8
29. b4 Bc8 30. Re4 Bxh3 31. Kxh3 Ng3 32. Qf2 Nxe4 33. Bxe4 d5 34. Bb1 Qe7 35.
Nd3 Rg3+ 36. Kh2 h3 37. Nxg3 fxg3+ 38. Qxg3+ Kh7 39. Qxh3 Rg8 40. Ne5+ Kg7 41.
Qg4+ Bg5 42. f4 Rh8+ 43. Kg1 Kf8 44. Qxg5 Qc7 1-0

[Event "II Open Dicembre"]
[Site "Arco ITA"]
[Date "2011.12.28"]
[Round "4"]
[White "De Santis, Alessio"]
[Black "Spornberger, Maximilian"]
[Result "1/2-1/2"]
[WhiteElo "2318"]
[BlackElo "2202"]
[PlyCount "35"]
[EventDate "2011.12.26"]

1. d4 g6 2. e4 Bg7 3. c4 d6 4. Nc3 a6 5. Be3 Nf6 6. f3 O-O 7. Qd2 Nc6 8. Nge2
Rb8 9. Rb1 e5 10. d5 Ne7 11. b4 Ne8 12. c5 f5 13. Nc1 Nf6 14. Be2 fxe4 15. fxe4
Ng4 16. Bxg4 Bxg4 17. h3 Bd7 18. N1e2 1/2-1/2

[Event "II Open Dicembre"]
[Site "Arco ITA"]
[Date "2011.12.28"]
[Round "4"]
[White "Faini, Ivano"]
[Black "Zappi, Adriano"]
[Result "1/2-1/2"]
[WhiteElo "1650"]
[BlackElo "1717"]
[PlyCount "86"]
[EventDate "2011.12.26"]

1. c4 d6 2. g3 g6 3. Bg2 Bg7 4. e4 Nd7 5. Ne2 Ngf6 6. d3 e5 7. Nbc3 a6 8. O-O
O-O 9. Rb1 Rb8 10. a4 Nc5 11. b4 Ne6 12. Be3 c6 13. b5 axb5 14. axb5 Bd7 15.
Bg5 Nxg5 16. Rb3 cxb5 17. cxb5 Qb6 18. Qd2 Rfc8 19. Qxg5 h6 20. Qd2 Ra8 21.
Rbb1 Ng4 22. Nc1 Nf6 23. h3 Ra5 24. N1a2 Rca8 25. Kh2 Be6 26. Rb2 Nd7 27. Rc1
Nc5 28. Nd5 Bxd5 29. exd5 Kh7 30. Nc3 h5 31. Ne4 Bh6 32. f4 Nxe4 33. dxe4 Rxb5
34. Rxb5 Qxb5 35. Rf1 Qc4 36. Rc1 Qb3 37. Qf2 Ra3 38. Rc7 Kg7 39. Rd7 exf4 40.
gxf4 Ra2 41. Qf1 Qe3 42. f5 Rf2 43. Qa1+ Kg8 1/2-1/2

[Event "II Open Dicembre"]
[Site "Arco ITA"]
[Date "2011.12.28"]
[Round "4"]
[White "Faini, Marco"]
[Black "Gehrke, Rolf"]
[Result "1/2-1/2"]
[WhiteElo "1952"]
[BlackElo "2085"]
[PlyCount "35"]
[EventDate "2011.12.26"]

1. c4 Nf6 2. g3 c6 3. Bg2 d5 4. Qc2 g6 5. d3 Bg7 6. Nf3 O-O 7. O-O Re8 8. e4 e5
9. Bg5 h6 10. Bxf6 Bxf6 11. Nbd2 Be6 12. b4 Nd7 13. a4 Rc8 14. a5 Be7 15. Rfb1
f5 16. Bh3 Nf6 17. Ra3 Kg7 18. exf5 1/2-1/2

[Event "II Open Dicembre"]
[Site "Arco ITA"]
[Date "2011.12.28"]
[Round "4"]
[White "Frontini, Fabio"]
[Black "Allegranti, Luca"]
[Result "0-1"]
[WhiteElo "1940"]
[BlackElo "1999"]
[PlyCount "70"]
[EventDate "2011.12.26"]

1. e4 d6 2. d4 Nf6 3. Bd3 e5 4. dxe5 dxe5 5. Nf3 Nc6 6. O-O Bg4 7. Bg5 Be7 8.
h3 Bh5 9. a3 Qd7 10. Nbd2 O-O-O 11. Be3 g5 12. Bxg5 Rdg8 13. Kh1 Rxg5 14. Qe1
Rg7 15. Bb5 Bd6 16. Qe3 Rhg8 17. Rg1 Bxf3 18. Nxf3 Nh5 19. Nh4 Nf4 20. g4 a6
21. Bxc6 Qxc6 22. Nf5 Bc5 23. Qf3 Rg6 24. b4 Bf8 25. Qe3 Qb6 26. Qb3 Qe6 27.
Qe3 Kb8 28. Rad1 Bd6 29. Rg3 h5 30. f3 hxg4 31. fxg4 Rh8 32. Kg1 Qc4 33. Rd2
Ne6 34. c3 Ng5 35. Re2 Nxh3+ 0-1